| 000 | 00886nam a2200313 a 4500 | ||
|---|---|---|---|
| 001 | 59008 | ||
| 003 | BD-RjUL | ||
| 005 | 20211209080702.0 | ||
| 008 | 161220s1970 ilua b 001 0 eng | ||
| 035 | _a(OCoLC)416667 | ||
| 035 | _a(OCoLC)ocm00416667 | ||
| 035 | _a(BD-RjUL)59132 | ||
| 035 | _a(NNC)2457421 | ||
| 040 |
_aBD-RjUL _beng _cBD-RjUL |
||
| 041 | _aeng | ||
| 082 |
_a331 _bMOL 1970 |
||
| 090 |
_aHD4901 _b.M82 1966 |
||
| 100 | 1 |
_aMorgan, Chester A. _9175491 |
|
| 245 | 1 | 0 |
_aLabor economics / _c[by] Chester A. Morgan. |
| 250 | _a3rd ed. | ||
| 260 |
_aHomewood, Ill., _bDorsey Press, _c1970 |
||
| 300 |
_axii, 662 p. : _bill. ; _c24 cm. |
||
| 490 | 1 | _aThe Dorsey series in economics | |
| 504 | _aIncludes bibliographies. | ||
| 650 | 0 |
_aLabor economics. _9172852 |
|
| 830 | 0 |
_aDorsey series in economics. _9175493 |
|
| 942 |
_2ddc _cBK |
||
| 999 |
_c59008 _d59008 |
||